Statistiken für Berühmte Zitate - deutsche Politiker

Klicken Sie hier um das Quiz zu spielen!

Allgemein

  • Dieses Quiz wurde 90 mal gespielt
  • Das Durchschnittsergebnis liegt bei 5 aus 12

Antwortstatistiken

HintAntwort% Korrekt
Das Internet ist für uns alle Neuland“Angela Merkel
85%
"Es ist besser, nicht zu regieren als falsch zu regieren"Christian Lindner
75%
„Burkas, Kopftuchmädchen und alimentierte Messermänner und sonstige Taugenichtse werden unseren Wohlstand, das Wirtschaftswachstum und vor allem den Sozialstaat nicht sichern.“Alice Weidel
73%
„Mit Wumms aus der Krise kommen“Olaf Scholz
60%
„Das Problem ist, dass Hitler als absolut böse dargestellt wird.“Björn "Bernd" Höcke
58%
"Ich bin schwul - und das ist auch gut so!"Klaus Wowereit
38%
"Herr Präsident, Sie sind ein Ar***loch, mit Verlaub!"Joschka Fischer
37%
"Wir sind zu Ihnen gekommen, um Ihnen mitzuteilen, dass heute Ihre Ausreise ..."Hans-Dietrich Genscher
31%
"Die SPD wird gebraucht. Bätschi, sage ich dazu nur. Und das wird ganz schön teuer. Bätschi sage ich dazu nur."Andrea Nahles
21%
"Ein Teil dieser Antworten würde die Bevölkerung verunsichern"Thomas de Maiziere
15%
„Ich weiß, was es bedeutet, Mutter von drei kleinen Kindern zu sein"Edmund Stoiber
8%
„Schwarz und Grün passt so gut zusammen wie Lakritze und Spinat.“Guido Westerwelle
1%

Verteilung der Resultate

Perzentil nach korrekt beantworteten Fragen

Anzahl Personen mit jedem Resultat

Ihre Resultats-Entwicklung

Sie haben dieses Quiz noch nicht gespielt